Βιομηχανική οργάνωση : θεωρία & πράξη

Αποθηκεύτηκε σε:
Λεπτομέρειες βιβλιογραφικής εγγραφής
Κύριος συγγραφέας: Waldman, Don E.
Άλλοι συγγραφείς: Jensen, Elizabeth J., Αποστολοπούλου, Αντιγόνη (trlf), Χασσίδ, Ιωσήφ (Επιμελητής έκδοσης), Φαφαλιού, Ειρήνη (edtf)
Μορφή: Βιβλίο
Γλώσσα:Greek
English
Δημοσίευση: Αθήνα : Έλλην, c2001.
Έκδοση:1η Ελληνική έκδ.
Θέματα:
Ετικέτες: Προσθήκη ετικέτας
Δεν υπάρχουν, Καταχωρήστε ετικέτα πρώτοι!

MARC

LEADER 00000cam a2200000 i 4500
001 1/5509
008 100310s2001 gr | ||| |||| ||gre||
020 |a 960286916X 
035 |l 10107186 
040 |a GR-MY-UA  |b gre  |e aacr 
041 1 |a gre  |h eng 
082 7 |a 338.9   |2 (22) 
100 1 |a Waldman, Don E. 
245 1 0 |a Βιομηχανική οργάνωση :   |b θεωρία & πράξη /   |c Don E. Waldman; Elizabeth J. Jensen ; μετάφραση: Αντιγόνη Αποστολοπούλου ; επιμέλεια: Ιωσήφ Χασσίδ, Ειρήνη Φαφαλιού.  
250 |a 1η Ελληνική έκδ.  
260 |a Αθήνα :   |b Έλλην,   |c c2001.  
300 |a 2τ. :   |b διαγ., πίν. ;   |c 24 εκ.  
500 |a Μετάφραση του: Industrial organization.  
504 |a Περιλαμβάνει βιβλιογραφικές παραπομπές.  
505 0 |a τ.2. Πολιτική ανταγωνισμού - μελέτες περιπτώσεων  
650 0 0 |a Industrial organization (Economic theory) 
650 0 0 |a Industrial organization. 
650 0 0 |a Industrial policy. 
700 1 |a Jensen, Elizabeth J. 
700 1 |a Αποστολοπούλου, Αντιγόνη,  |e trlf 
700 1 |a Χασσίδ, Ιωσήφ,  |e edt 
700 1 |a Φαφαλιού, Ειρήνη,  |e edtf 
740 0 2 |a Πολιτική ανταγωνισμού - μελέτες περιπτώσεων 
852 |a INST  |b CHIOS  |e 20100310  |h 338.9 WAL  |p 005200029647  |q 005200029647  |t BK  |y 0  |z τ.2 
852 |a INST  |b CHIOS  |e 20100310  |h 338.9 WAL  |p 005200029679  |q 005200029679  |t BK  |y 0  |z τ.2 
852 |a INST  |b CHIOS  |e 20100310  |h 338.9 WAL  |p 005200029647  |q 005200029647  |t BK  |v τ.2:  |y 0  |z τ.2 
852 |a INST  |b CHIOS  |e 20100310  |h 338.9 WAL  |p 005200029679  |q 005200029679  |t BK  |v τ.2:  |y 0  |z τ.2 
853 |a INST  |b CHIOS  |h 338.9 WAL 
901 |a BIBL2-2010-1 
909 |a Χ  |b 147967 
909 |a X  |b 147968 
970 |a ΣΑΛΑΜΟΥΡΑ  |b ΜΑΡΙΑ  |z 2010/03/10